Chi compare dopo in Cars 1? - Statistics

Statistiche generali
  • Questo quiz è stato fatto 94 volte
  • Il punteggio medio è 8 su 15
Statistiche sulle risposte
Domanda Risposta % Corretto
Chi compare dopo?
80%
Chi compare dopo? La precedente risposta
78%
Chi compare dopo?
75%
Chi compare dopo?
64%
Chi compare dopo? La precedente risposta
62%
Chi compare dopo? La precedente risposta
60%
Chi compare dopo?
57%
Chi compare dopo?
55%
Chi compare dopo?
49%
Chi compare dopo? La precedente risposta
49%
Chi compare dopo? La precedente risposta
43%
Chi compare dopo?
38%
Chi compare dopo?
37%
Chi compare dopo?
33%
Chi compare dopo? La precedente risposta
33%
Nessun quiz corrispondente trovato
Distribuzione punteggi
Percentuale di utenti per punteggio
Percentile per numero di risposta
I tuoi punteggi nel tempo
Non hai fatto questo quiz